[Event "SVK-ch U16"]
[Site "Tatralandia"]
[Date "2024.04.08"]
[Round "5"]
[White "Cerven, Samuel"]
[Black "Tonhajzer, Matus"]
[Result "0-1"]
[WhiteElo "1732"]
[BlackElo "1549"]
[PlyCount "88"]
[EventDate "2024.04.05"]
[EventType "swiss"]
[EventRounds "9"]
[EventCountry "SVK"]
[SourceTitle "CB16_2024"]
[SourceDate "2024.04.17"]
[SourceVersion "1"]
[SourceVersionDate "2024.04.17"]
[SourceQuality "1"]

1. e4 e6 2. d4 d5 3. Nc3 Nf6 4. e5 Nfd7 5. Nce2 c5 6. c3 Nc6 7. Nf3 Be7 8. a3 a5 9. Nf4 0-0 10. Bd3 Rb8 11. h4 h6 12. Ng5 Bxg5 13. hxg5 Qxg5 14. Rh5 Qe7 15. Be3 b5 16. Nh3 f6 17. Nf4 Qe8 18. Bg6 Qe7 19. Qg4 fxe5 20. Qxe6+ Qxe6 21. Nxe6 Rf6 22. Bf5 Nf8 23. dxe5 Rf7 24. Nxg7 Rxg7 25. Bxh6 Rxg2 26. 0-0-0 Rxf2 27. Rg1+ Kf7 28. Bxf8 Rxf5 29. Rxf5+ Bxf5 30. Bd6 Rg8 31. Rf1 Ke6 32. Bxc5 Kxe5 33. Bd4+ Nxd4 34. cxd4+ Ke6 35. Kd2 Rg2+ 36. Kc3 Be4 37. Rf8 Rg3+ 38. Kd2 Rd3+ 39. Kc1 Rxd4 40. Rb8 b4 41. axb4 Rxb4 42. Ra8 a4 43. Ra7 Ke5 44. Rc7 Rc4+ 0-1

[Event "SVK-ch U16"]
[Site "Tatralandia"]
[Date "2024.04.05"]
[Round "1"]
[White "Cerven, Samuel"]
[Black "Roman, Dominik"]
[Result "1/2-1/2"]
[WhiteElo "1732"]
[BlackElo "1000"]
[PlyCount "62"]
[EventDate "2024.04.05"]
[EventType "swiss"]
[EventRounds "9"]
[EventCountry "SVK"]
[SourceTitle "CB16_2024"]
[SourceDate "2024.04.17"]
[SourceVersion "1"]
[SourceVersionDate "2024.04.17"]
[SourceQuality "1"]

1. e4 e5 2. Nf3 Nc6 3. d4 exd4 4. Bc4 Bc5 5. c3 dxc3 6. Bxf7+ Kxf7 7. Qd5+ Ke8 8. Qxc5 cxb2 9. Bxb2 Nf6 10. e5 d6 11. Qe3 dxe5 12. Nxe5 Nxe5 13. Bxe5 Qe7 14. h3 Kf7 15. 0-0 Re8 16. Re1 Be6 17. Nc3 b6 18. Qf3 c5 19. Rad1 Rad8 20. Ne4 Rxd1 21. Rxd1 Bxh3 22. Nd6+ Kf8 23. Bxf6 gxf6 24. Qxh3 Rd8 25. Qh6+ Kg8 26. Qd2 c4 27. Qd5+ Kf8 28. Qc6 c3 29. Qxc3 Rxd6 30. Re1 Re6 31. Qc8+ Kf7 1/2-1/2

[Event "SVK-ch U16"]
[Site "Dudince"]
[Date "2023.04.18"]
[Round "4"]
[White "Smetana, Peter"]
[Black "Cerven, Samuel"]
[Result "1/2-1/2"]
[WhiteElo "1805"]
[BlackElo "1456"]
[PlyCount "81"]
[EventDate "2023.04.16"]
[EventType "swiss"]
[EventRounds "9"]
[EventCountry "SVK"]
[SourceTitle "CBM 213 Extra"]
[Source "ChessBase"]
[SourceDate "2023.05.31"]
[SourceVersion "1"]
[SourceVersionDate "2023.05.31"]
[SourceQuality "1"]

1. e4 d5 2. exd5 Qxd5 3. Nc3 Qd8 4. d4 Nf6 5. Nf3 Bf5 6. Ne5 c6 7. g4 Bg6 8. h4 Nbd7 9. Nxd7 Qxd7 10. h5 Be4 11. Nxe4 Nxe4 12. f3 Nf6 13. c3 e6 14. Bd2 Qd5 15. Rg1 Be7 16. Be2 Nd7 17. Be3 e5 18. Qd2 exd4 19. Bxd4 Bh4+ 20. Kd1 0-0 21. Kc1 Ne5 22. Qf4 Nd3+ 23. Bxd3 Bg5 24. Qxg5 Qxg5+ 25. Kc2 c5 26. Bf2 Rad8 27. Rad1 a6 28. Rge1 b5 29. Be3 Qf6 30. Bxc5 Rfe8 31. Be4 Rxd1 32. Rxd1 Rc8 33. Bd4 Qh4 34. Rd2 a5 35. Bf5 Rb8 36. Bf2 Qg5 37. Bg3 Ra8 38. Be4 Rc8 39. Bf5 Re8 40. Be4 b4 41. Rd5 1/2-1/2

[Event "SVK-ch U16"]
[Site "Dudince"]
[Date "2023.04.16"]
[Round "1"]
[White "Janik, Marek Tobias"]
[Black "Cerven, Samuel"]
[Result "1-0"]
[WhiteElo "1953"]
[BlackElo "1456"]
[PlyCount "69"]
[EventDate "2023.04.16"]
[EventType "swiss"]
[EventRounds "9"]
[EventCountry "SVK"]
[SourceTitle "CBM 213 Extra"]
[Source "ChessBase"]
[SourceDate "2023.05.31"]
[SourceVersion "1"]
[SourceVersionDate "2023.05.31"]
[SourceQuality "1"]

1. c4 e5 2. Nc3 Nf6 3. g3 d5 4. cxd5 Nxd5 5. Bg2 Be6 6. Nf3 f6 7. 0-0 Nc6 8. d4 Nxc3 9. bxc3 e4 10. Ne1 f5 11. f3 Bc5 12. fxe4 Nxd4 13. Be3 Nb3 14. Bxc5 Nxa1 15. Qxa1 fxe4 16. Bxe4 Qg5 17. Bd4 c5 18. Bf2 Qe7 19. Qb1 0-0-0 20. Bf3 Bh3 21. Ng2 g5 22. Qb5 g4 23. Bxc5 Qd7 24. Qxd7+ Rxd7 25. Be4 Kb8 26. Bd4 Re8 27. Bd3 Rd5 28. e3 h5 29. Rf7 Ra5 30. Bc4 Rg5 31. Nf4 a5 32. Bb6 Rc8 33. Be6 Re8 34. Bd5 Rge5 35. Bc7+ 1-0

[Event "SVK-ch U14"]
[Site "Stara Lubovna"]
[Date "2022.05.28"]
[Round "9"]
[White "Tokarcik, Jan"]
[Black "Cerven, Samuel"]
[Result "0-1"]
[WhiteElo "1313"]
[BlackElo "1353"]
[PlyCount "76"]
[EventDate "2022.05.21"]
[EventType "swiss"]
[EventRounds "9"]
[EventCountry "SVK"]
[SourceTitle "CBM 208 Extra"]
[Source "ChessBase"]
[SourceDate "2022.07.31"]
[SourceVersion "1"]
[SourceVersionDate "2022.07.31"]
[SourceQuality "1"]

1. e4 d5 2. exd5 Qxd5 3. Nc3 Qd8 4. d4 Nf6 5. Nf3 Bg4 6. Be2 e6 7. a3 c6 8. Bg5 Be7 9. 0-0 0-0 10. h3 Bh5 11. Qd2 Nbd7 12. Rad1 Nb6 13. Rfe1 Nbd5 14. Nxd5 cxd5 15. Bxf6 Bxf6 16. Ne5 Bxe2 17. Rxe2 Qc7 18. Rc1 Rfc8 19. b3 Qc3 20. Qxc3 Rxc3 21. f4 Rac8 22. Kf1 Rxb3 23. cxb3 Rxc1+ 24. Kf2 Rc3 25. Re3 Rxe3 26. Kxe3 Bxe5 27. fxe5 b5 28. b4 f5 29. Kf4 Kf7 30. Kg5 Ke7 31. g3 Kf7 32. h4 Ke7 33. h5 Kf7 34. Kh4 h6 35. Kh3 g6 36. Kh4 gxh5 37. Kxh5 Kg7 38. Kh4 Kg6 0-1

[Event "SVK-ch U14"]
[Site "Stara Lubovna"]
[Date "2022.05.27"]
[Round "8"]
[White "Cerven, Samuel"]
[Black "Ammer, Erik1111"]
[Result "1-0"]
[WhiteElo "1353"]
[BlackElo "1320"]
[PlyCount "75"]
[EventDate "2022.05.21"]
[EventType "swiss"]
[EventRounds "9"]
[EventCountry "SVK"]
[SourceTitle "CBM 208 Extra"]
[Source "ChessBase"]
[SourceDate "2022.07.31"]
[SourceVersion "1"]
[SourceVersionDate "2022.07.31"]
[SourceQuality "1"]

1. e4 e5 2. Nf3 Nc6 3. d4 exd4 4. Bc4 d6 5. Nxd4 Ne5 6. Bb3 Nf6 7. 0-0 Be7 8. Nc3 0-0 9. Bg5 h6 10. Bh4 Bd7 11. Bg3 c5 12. Nf3 Bg4 13. Bxe5 Bxf3 14. Qxf3 dxe5 15. Rad1 Qc7 16. Bd5 Qb6 17. b3 Qb4 18. a4 Qa5 19. Bxb7 Rab8 20. Bd5 Nxd5 21. exd5 f5 22. d6 Bf6 23. Nd5 Bg5 24. Ne7+ Kh7 25. Nc6 e4 26. Qe2 Qb6 27. Nxb8 Qxb8 28. Qc4 Qb6 29. Rd5 e3 30. fxe3 Bxe3+ 31. Kh1 f4 32. d7 Kh8 33. Rfd1 Rd8 34. Qe4 Qc7 35. Re5 Rg8 36. Re8 Bd4 37. Rxg8+ Kxg8 38. Qe8+ 1-0

[Event "SVK-ch U14"]
[Site "Stara Lubovna"]
[Date "2022.05.23"]
[Round "3"]
[White "Buzalka, Martin"]
[Black "Cerven, Samuel"]
[Result "1/2-1/2"]
[WhiteElo "1000"]
[BlackElo "1353"]
[PlyCount "113"]
[EventDate "2022.05.21"]
[EventType "swiss"]
[EventRounds "9"]
[EventCountry "SVK"]
[SourceTitle "CBM 208 Extra"]
[Source "ChessBase"]
[SourceDate "2022.07.31"]
[SourceVersion "1"]
[SourceVersionDate "2022.07.31"]
[SourceQuality "1"]

1. e4 c5 2. Nc3 d6 3. g3 Nf6 4. d3 g6 5. Be3 Bg7 6. Bg2 0-0 7. Qd2 Ng4 8. h3 Nxe3 9. Qxe3 Nc6 10. Nf3 Bd7 11. 0-0-0 a5 12. h4 h5 13. Bh3 Rb8 14. Nb5 Bxh3 15. Rxh3 Qd7 16. Rh2 Ne5 17. Nxe5 Qxb5 18. Nc4 a4 19. e5 d5 20. Na3 Qc6 21. f4 b5 22. Rg1 b4 23. Nb1 b3 24. a3 bxc2 25. Rxc2 Rfc8 26. g4 hxg4 27. Rxg4 d4 28. Qg1 Rb6 29. h5 Qe6 30. hxg6 fxg6 31. f5 Qxf5 32. Rf2 Qxd3 33. Rg3 Qa6 34. Rgf3 Rf8 35. Qg2 Rbb8 36. Rxf8+ Rxf8 37. Qd5+ Kh7 38. Rxf8 Bh6+ 39. Nd2 Bxf8 40. Qf7+ Bg7 41. Qxe7 Qb6 42. e6 Qc6 43. Qd7 Qxd7 44. exd7 Bf6 45. Ne4 Be7 46. Nxc5 g5 47. Kd1 Kg6 48. Ke2 Kf7 49. Nxa4 Ke6 50. Nc5+ Kd6 51. Nd3 Kxd7 52. b4 Kc6 53. a4 g4 54. b5+ Kb6 55. Nf4 Bc5 56. Nd3 Bd6 57. Kf2 1/2-1/2

[Event "SVK-ch U14"]
[Site "Stara Lubovna"]
[Date "2021.06.28"]
[Round "3"]
[White "Havalda, Samuel"]
[Black "Cerven, Samuel"]
[Result "1-0"]
[WhiteElo "1513"]
[BlackElo "1342"]
[PlyCount "45"]
[EventDate "2021.06.26"]
[EventType "swiss"]
[EventRounds "9"]
[EventCountry "SVK"]
[SourceTitle "CBM 203 Extra"]
[Source "ChessBase"]
[SourceDate "2021.09.30"]
[SourceVersion "1"]
[SourceVersionDate "2021.09.30"]
[SourceQuality "1"]

1. e4 c5 2. Nf3 d6 3. d4 cxd4 4. Nxd4 Nf6 5. Nc3 g6 6. Be3 Bg7 7. f3 0-0 8. Qd2 Nc6 9. 0-0-0 Bd7 10. g4 Nxd4 11. Bxd4 Bc6 12. h4 h6 13. Bxf6 Bxf6 14. Qxh6 e6 15. Qd2 Bxh4 16. Qh2 g5 17. f4 f6 18. Bc4 Re8 19. f5 Kg7 20. Rxd6 Qb6 21. Qd2 Bg3 22. Rd7+ Bxd7 23. Qxd7+ 1-0

[Event "SVK-ch U14"]
[Site "Stara Lubovna"]
[Date "2021.06.26"]
[Round "1"]
[White "Bulej, Matej"]
[Black "Cerven, Samuel"]
[Result "1-0"]
[WhiteElo "1743"]
[BlackElo "1342"]
[PlyCount "61"]
[EventDate "2021.06.26"]
[EventType "swiss"]
[EventRounds "9"]
[EventCountry "SVK"]
[SourceTitle "CBM 203 Extra"]
[Source "ChessBase"]
[SourceDate "2021.09.30"]
[SourceVersion "1"]
[SourceVersionDate "2021.09.30"]
[SourceQuality "1"]

1. d4 d5 2. Nf3 Nf6 3. c3 Bf5 4. Qb3 Qc8 5. Bf4 e6 6. e3 Be7 7. c4 c6 8. Nc3 Nbd7 9. Rc1 0-0 10. a3 a5 11. Be2 Nh5 12. Bg3 Nxg3 13. hxg3 Nf6 14. 0-0 Qd7 15. Ne5 Qc7 16. cxd5 exd5 17. Nxd5 Nxd5 18. Qxd5 Be6 19. Qe4 Qb6 20. Qc2 f6 21. Bc4 Bxc4 22. Qxc4+ Kh8 23. Nf7+ Rxf7 24. Qxf7 Bd6 25. Rc2 Rf8 26. Qe6 Bc7 27. Rfc1 f5 28. Qe7 Ra8 29. d5 c5 30. Qxc5 Qxc5 31. Rxc5 1-0

[Event "SVK-ch U12"]
[Site "Liptovsky Mikulas"]
[Date "2019.04.29"]
[Round "8"]
[White "Cerven, Samuel"]
[Black "Rakovsky, Jakub"]
[Result "0-1"]
[WhiteElo "1255"]
[BlackElo "1632"]
[PlyCount "80"]
[EventDate "2019.04.23"]
[EventType "swiss"]
[EventRounds "9"]
[EventCountry "SVK"]
[SourceTitle "CBM 190 Extra"]
[Source "ChessBase"]
[SourceDate "2019.07.15"]
[SourceVersion "1"]
[SourceVersionDate "2019.07.15"]
[SourceQuality "1"]

1. e4 c5 2. Nf3 d6 3. h3 Nf6 4. c3 g6 5. Bd3 Bg7 6. Bc2 e5 7. d4 cxd4 8. cxd4 exd4 9. Nxd4 Nc6 10. Nf3 0-0 11. 0-0 h6 12. Nc3 Be6 13. Re1 Re8 14. Bf4 d5 15. exd5 Nxd5 16. Nxd5 Qxd5 17. Qc1 g5 18. Rd1 Qb5 19. Bh2 Rac8 20. Qd2 Red8 21. Qe3 Qxb2 22. Qe4 Nd4 23. Nxd4 Bxd4 24. Qh7+ Kf8 25. Qxh6+ Bg7 26. Qxg5 Bf6 27. Qh6+ Ke7 28. Rab1 Rxd1+ 29. Rxd1 Qxc2 30. Bd6+ Kd7 31. Rd2 Qc1+ 32. Kh2 Bc3 33. Bf4+ Bxd2 34. Bxd2 Qc7+ 35. g3 Bxa2 36. Bb4 Qc6 37. Qe3 Qe6 38. Qd4+ Bd5 39. Qxa7 Rc1 40. Qa4+ Qc6 0-1

[Event "SVK-ch U12"]
[Site "Liptovsky Mikulas"]
[Date "2019.04.24"]
[Round "3"]
[White "Cerven, Samuel"]
[Black "Kulich, Daniel"]
[Result "1-0"]
[WhiteElo "1255"]
[BlackElo "1109"]
[PlyCount "63"]
[EventDate "2019.04.23"]
[EventType "swiss"]
[EventRounds "9"]
[EventCountry "SVK"]
[SourceTitle "CBM 190 Extra"]
[Source "ChessBase"]
[SourceDate "2019.07.15"]
[SourceVersion "1"]
[SourceVersionDate "2019.07.15"]
[SourceQuality "1"]

1. e4 c5 2. Nf3 d6 3. h3 Nf6 4. c3 Nxe4 5. Qa4+ Bd7 6. Qxe4 Nc6 7. d4 cxd4 8. Nxd4 g6 9. Bb5 Nxd4 10. Bxd7+ Qxd7 11. Qxd4 e5 12. Qd5 Bg7 13. 0-0 0-0 14. f4 Qc7 15. f5 Kh8 16. f6 Qb6+ 17. Kh1 Bh6 18. Bxh6 Qxb2 19. Nd2 Qxc3 20. Bxf8 Rxf8 21. Qxd6 Rg8 22. Ne4 Qc4 23. Ng5 b5 24. Rfc1 Qxc1+ 25. Rxc1 h6 26. Nxf7+ Kh7 27. Qe7 h5 28. Nxe5+ Kh6 29. f7 Ra8 30. Qf6 Kh7 31. Qxg6+ Kh8 32. Qh6# 1-0

[Event "SVK-ch U10"]
[Site "Liptovsky Mikulas"]
[Date "2018.04.24"]
[Round "6"]
[White "Jura, Michal"]
[Black "Cerven, Samuel"]
[Result "0-1"]
[WhiteElo "1317"]
[BlackElo "1270"]
[PlyCount "150"]
[EventDate "2018.04.21"]
[EventType "swiss"]
[EventRounds "9"]
[EventCountry "SVK"]
[SourceTitle "CBM 184 Extra"]
[Source "ChessBase"]
[SourceDate "2018.06.28"]
[SourceVersion "1"]
[SourceVersionDate "2018.06.28"]
[SourceQuality "1"]

1. e4 e5 2. Nf3 Nc6 3. Bb5 Bc5 4. c3 Nf6 5. d4 exd4 6. cxd4 Bb4+ 7. Bd2 Bxd2+ 8. Nbxd2 d5 9. e5 Nd7 10. Qc2 Ne7 11. 0-0 c6 12. Be2 Ng6 13. Rfe1 0-0 14. Bd3 Nb6 15. a4 Be6 16. Nb3 Nd7 17. Nfd2 Qc7 18. g3 b6 19. f4 c5 20. dxc5 bxc5 21. f5 c4 22. fxe6 Qb6+ 23. Kh1 cxd3 24. exf7+ Rxf7 25. Qxd3 Ndxe5 26. Qxd5 Rd8 27. Qc5 Qb7+ 28. Kg1 Nd3 29. Na5 Nxc5 30. Nxb7 Nxb7 31. Ne4 Rff8 32. Rac1 Rc8 33. Rxc8 Rxc8 34. b3 Nf8 35. Nf2 Kf7 36. Ne4 Ne6 37. Rf1+ Ke7 38. Re1 h6 39. g4 Nd6 40. Nxd6 Kxd6 41. Rd1+ Ke7 42. Re1 Rc3 43. Rb1 Nc5 44. b4 Nxa4 45. Ra1 Nb6 46. Rxa7+ Kf6 47. Ra6 Rc6 48. b5 Rd6 49. h4 Ke5 50. Ra7 g6 51. Re7+ Kf4 52. Rh7 g5 53. hxg5 hxg5 54. Rh2 Rd1+ 55. Kg2 Rd2+ 56. Kg1 Rxh2 57. Kxh2 Kxg4 58. Kg2 Na4 59. b6 Nxb6 60. Kf2 Kh3 61. Kg1 g4 62. Kh1 g3 63. Kg1 g2 64. Kf2 Kh2 65. Kf3 g1Q 66. Ke4 Nd5 67. Ke5 Nc3 68. Kd6 Qd4+ 69. Kc6 Qd5+ 70. Kb6 Na4+ 71. Ka6 Qc5 72. Kb7 Kg3 73. Kb8 Qe7 74. Kc8 Nc5 75. Kb8 Qb7# 0-1